000
00245nam a22001097a 4500
082
_a
621.433 AND'A
100
_a
ANDERSON, E. P
_9
56933
245
_a
AUDELS GAS ENGINES MANUAL
260
_a
NEWYORK
_b
HOWARD
_c
1965
300
_a
475P
942
_c
BK
999
_c
567269
_d
567269